000 00723nam a2200253 4500
003 CO-ViMGA
020 _a978958303081
040 _aCO-ViMGA
_bspa
_cCO-ViMGA
082 0 4 _a299.514
_bC16t
100 1 _aCanevaro, Silvia.
_93700
245 1 0 _aTao /
_cSilvia Canevaro.
260 _aColombia:
_bPanamericana,
_c2010.
300 _a95 p. :
_bil. ; 22.5 cm.
490 _aBienestar.
500 _aIncluye Glosario.
504 _aIncluye Bibliografía.
534 _tTao. La legge universale della natura.
650 1 4 _aFilosofía china.
_93702
650 1 4 _aMedicina taoísta.
_93703
650 1 4 _aTaoismo.
_93701
650 1 4 _aVida espiritual.
_924
700 1 _aBarriga, Sandra Mónica,
_etr.
_96329
942 _2ddc
_cBK
999 _c37506
_d37506